Resident Evil - Statistics

General Stats
  • This quiz has been taken 175 times
    170 since last reset
  • The average score is 26 of 60
Answer Stats
Hint Answer % Correct
Guy who punches boulders Chris Redfield
80%
The little girl Claire saves in RE2 Sherry Birkin
79%
How many times has Ethan Winters lost limbs? 3
78%
Who is Chris' sister? Claire Redfield
77%
"Fuck you, you crazy ____!" (Ethan to Miranda at the end of RE8) bitch
76%
THE Wesker's first name Albert
75%
A tyrant wearing a trench coat Mr. X
71%
In what year does the Raccoon city incident take place? 1998
70%
The spy who works for Wesker in RE4 Ada Wong
70%
Who is universe's best dad? Ethan Winters
69%
Who hunted Jill in RE3? Nemesis
69%
Where does RE4 take place? (country) Spain
69%
Where RE2 and RE3 take place Raccoon city
68%
The President's daughter Ashley Graham
65%
How old is said daughter in her DLC? 16
61%
What kind of fire hurts the knights in RE4? (color) Blue
61%
Daughter of Ethan Winters Rosemary
61%
How much time can Wesker spare to play with you? 7 minutes
58%
The original name for Resident Evil (still used in Japan) Biohazard
57%
A jolly merchant who helps Ethan The Duke
57%
Who drove the Bakers mad? Eveline
56%
Who chainsawed Ethan's left hand off in RE7 Mia
55%
The police chief in RE2 (Also a kidnapper) Brian Irons
54%
Leon's mentor, a boss in RE4 Krauser
52%
The parasites in RE4 Las Plagas
52%
S.T.A.R.S. Bravo team medic Rebecca Chambers
52%
"No thanks, ___!" bro
49%
Wesker's son Jake Muller
45%
Spanish Mr. X Chief/Bitores Mendez
43%
Chris' partner in RE5 Sheva Alomar
43%
Wesker's "sister" Alex
42%
Where is the Spencer mansion located? Arklay mountains
39%
An average guy who happens to be quite the ladies' man Luis Serra
39%
Leon's starting pistol in RE2 remake Matilda
39%
Daughter of Mother Miranda Eva
35%
The basic enemy in RE4 Ganado
35%
The Grim Reaper Hunk
35%
Wesker's virus Uroboros
35%
"This time, it has to be _______" different
29%
Owner of the Spencer mansion Oswell
29%
"What are ya ___?" buying
28%
The blind enemy in RE4 Garrador
28%
Classic S.T.A.R.S. pistol Samurai edge
27%
Who uses a Magnum revolver? Barry Burton
26%
The organization Mia was working for in RE7 The Connections
25%
Who helped Rose in her DLC? (The golden words etc.) Michael
22%
"Complete global _____" Saturation
22%
Ethan's final words Goodbye Rosemary
19%
Eveline's designation E-001
17%
The Hagrid-looking guy in RE Village Urias
17%
The basic enemy in RE5 Majini
15%
The Terminator style magnum in RE4 remake Killer 7
14%
"Okay, ___!" (Ethan after getting a gun in RE7) fine
13%
The most powerful weapon in Resident Evil Village S.T.A.K.E
12%
The centipede boss Rebecca and Billy fight Centurion
10%
Chris' spec ops team in RE Village Hound Wolf Squad
9%
Claire's starting pistol in RE2 remake SLS 60
9%
Chris' main gun in RE Village Dragoon
8%
The Terminator style shotgun in RE4 remake Skull Shaker
8%
Starting pistol in RE4 remake SG-09 R
6%
No matching quizzes found
Score Distribution
Percent of People with Each Score
Percentile by Number Answered
Your Score History
You have not taken this quiz since the last reset